00653nam a22001817a 4500003000900000008004100009040007100050082001700121100001700138245003400155260003300189300002800222505015900250650001200409650001400421650001300435650002300448AR-CdUCM190311b           ||||| |||| 00| 0 spa d  aMUNICIPALIDAD PROVINCIAL DEL CUSCOcBIBLIOTECA MUNICIPAL DEL CUSCO  a343.3 /bJ37  aJellinek, G.  aTeoría general del estado /  aMexico :bContinental,c1958  a647 páginas ;c22 cm.  aEl problema de la doctrina del estado -- El método de la doctrina del estado -- Relaciones de la doctrina del estado con la totalidad de las ciencias...  aEstado.  aDoctrina.  aDerecho.  aOrigen del estado.